Potenciálne benefity Slovenska zo vstupu Ukrajiny do EÚ diplomová práca

Uložené v:
Podrobná bibliografia
Hlavný autor: Tomagová, Paulína
Korporativný autor: Národohospodárska fakulta EU. Katedra hospodárskej politiky
Ďalší autori: Majzlíková, Erika, 1993-
Médium: Kniha
Jazyk:Slovak
Vydavateľské údaje: Bratislava 2025
Tagy: Pridať tag
Žiadne tagy, Buďte prvý, kto otaguje tento záznam!

MARC

LEADER 00000nbm a2200000 4500
001 0309300
005 20251027085816.6
041 0 |a slo 
044 |a SK 
245 1 0 |a Potenciálne benefity Slovenska zo vstupu Ukrajiny do EÚ  |b diplomová práca  |c Paulína Tomagová ; školiteľ: Erika Majzlíková 
264 1 |a Bratislava  |c 2025 
300 |a 64 s. 
100 1 |a Tomagová, Paulína 
700 1 |a Majzlíková, Erika, 1993- 
710 2 |a Národohospodárska fakulta EU. Katedra hospodárskej politiky